Statistiques concernant Prénoms masculins les plus donnés en France #2

Cliquez ici pour prendre le quiz!

Statistiques générales

  • Ce quiz a été pris 242 fois
    (56 depuis la dernière actualisation)
  • Le résultat moyen est 82 sur 261

Statistiques - réponses

HintRéponse% Correct
JJules
93%
JJean
89%
LLéo
89%
JJulien
85%
PPaul
85%
TThomas
85%
MMarc
81%
OOlivier
81%
LLuc
78%
NNoé
78%
RRomain
78%
KKevin
74%
PPierre
74%
TTom
74%
LLiam / Lyam
70%
MMartin
70%
MMax
70%
NNoa / Noah
70%
PPatrick
70%
RRémi / Rémy
70%
TThéo / Téo
70%
TTim
70%
KKylian/ Kilian / Killian
67%
LLouis
67%
MMathieu / Matthieu
67%
MMaurice
67%
RRaphaël / Rafaël
67%
VValentin
67%
JJacques
63%
JJosé
63%
LLaurent
63%
LLéon
63%
MMathis / Mathys
63%
MMaxime
63%
MMichel
63%
VVictor
63%
WWilliam
63%
YYann
63%
JJean Pierre
59%
JJeremy/ Jeremie
59%
JJustin
59%
LLucas / Luca / Luka
59%
MMarcel
59%
NNathan
59%
QQuentin
59%
RRobert
59%
SStéphane / Stephan
59%
YYves
59%
JJoseph
56%
LLucien
56%
MMichaël / Mickaël / Mikaël
56%
PPatrice
56%
RRené
56%
SSam
56%
SSebastien
56%
VVincent
56%
XXavier
56%
MMahé / Maé
52%
NNicolas
52%
RRoger
52%
SSimon
52%
YYannick
52%
YYvan
52%
JJean Paul
48%
MMaël
48%
NNaël / Nahël
48%
PPascal
48%
PPhilippe
48%
SSamuel
48%
SSylvain
48%
TThibault / Thibaut / Thibaud
48%
TTiméo / Tyméo
48%
YYvon
48%
JJean Claude
44%
JJean François
44%
JJean Luc
44%
JJean Marc
44%
JJean Marie
44%
JJérôme
44%
MMarin
44%
MMohamed
44%
SSerge
44%
TThierry
44%
JJean Louis
41%
JJoël
41%
LLilian
41%
MMalo
41%
MMarius
41%
MMathéo / Mattéo / Matéo
41%
NNino
41%
NNoam / Noham
41%
RRaymond
41%
SSteve / Steeve
41%
TTimothée / Timothé
41%
LLudovic
37%
MMathias / Matthias / Mattias
37%
MMaxence
37%
NNoël
37%
YYohan / Yoan / Yohann
37%
JJean Michel
33%
JJonathan
33%
KKarim
33%
MMaximilien
33%
MMilo
33%
NNathanaël
33%
OOscar
33%
RRégis
33%
RRobin
33%
RRoméo
33%
SSoan / Sohan
33%
SSteven
33%
TThéodort / Théodore
33%
UUgo
33%
VValéry
33%
JJack
30%
JJean Philippe
30%
JJordan
30%
JJulian / Juliann
30%
MMilan / Mylan / Milann
30%
NNolan / Nolann
30%
RRomuald
30%
SSacha / Sasha
30%
SSwan / Swann
30%
VVivien
30%
WWilly
30%
YYanis / Yannis
30%
JJean Charles
26%
JJohan/ Joan/ Joanne
26%
LLéandre
26%
LLéonard
26%
MMarceau
26%
MMario
26%
MMorgan
26%
NNéo
26%
PPablo
26%
RRaoul
26%
RRichard
26%
RRyan / Rayan / Rayane
26%
TTitouan
26%
TTony
26%
TTristan
26%
ZZack
26%
JJean Baptiste
22%
JJean Noël
22%
JJean Yves
22%
JJimmy
22%
LLenny / Leny
22%
LLoris
22%
LLuis
22%
NNorbert
22%
OOwen
22%
RRonald
22%
TThéophile
22%
TTiago / Tyago / Thiago
22%
JJames
19%
JJonas
19%
LLino
19%
LLoan / Lohan
19%
LLoïc
19%
LLorenzo
19%
MMarco
19%
MMarvin
19%
NNathaël
19%
PPaolo
19%
PPeter
19%
PPierrick
19%
RRoland / Rolland
19%
SStan
19%
JJason
15%
JJean Christophe
15%
JJoachim / Joaquim
15%
JJocelyn
15%
JJoris
15%
JJoshua
15%
KKaïs
15%
KKenzo
15%
LLéopold
15%
LLionel
15%
LLogan
15%
LLouka
15%
MMalone
15%
MManuel
15%
MMarcus
15%
MMelvyn / Melvin
15%
OOctave
15%
RRenaud
15%
RRodolphe
15%
RRudy
15%
SSofiane
15%
SStanislas
15%
KKayden
11%
KKleber
11%
LLéandro
11%
LLoïs
11%
LLoup
11%
MMarcelin / Marcellin
11%
MMiguel
11%
NNassim
11%
OOmar
11%
RRuben
11%
SSamy
11%
SSandro
11%
SStephen
11%
TTeddy
11%
TTommy
11%
UUlysse
11%
UUrbain
11%
VVirgile
11%
WWilfried
11%
YYouseff
11%
ZZakaria
11%
LLenzo
7%
LLisandro
7%
LLivio
7%
MMehdi
7%
OOmer
7%
PPhilibert
7%
PPierre Yves
7%
PProsper
7%
RRoberto
7%
RRodrigue
7%
SSullivan
7%
TTanguy
7%
VVianney
7%
JJacob
4%
JJacquy
4%
JJamy
4%
JJean Bernard
4%
JJerry
4%
JJessy
4%
MMalik
4%
MManoé
4%
MMartial
4%
MMoïse
4%
NNaïm
4%
PPierre Antoine
4%
RRachid
4%
RRoman
4%
RRonan
4%
SSylvestre
4%
TTao
4%
ZZayn
4%
JJavier
0%
JJosias
0%
KKelyan
0%
KKenny / Keny
0%
LLéonce
0%
LLilio
0%
MMalcolm
0%
MMarley
0%
MMathurin
0%
MMattia
0%
MMaylone
0%
OOctavio
0%
PPierre Henri
0%
PPierre Louis
0%
SSalvatore
0%
SSilas
0%
TTilio
0%
TTino
0%
YYacine
0%

Distribution des résultats

Percentile par nombre de réponses

% des personnes avec chaque résultat

Votre développement - résultats

Vous n’avez pas pris ce quiz depuis la dernière actualisation